000 00806nam0a22002291 4500
001 v19\rc\2072154
005 20250620042128.0
035 _a(NLR Aleph) 005169401
090 _a5056132
_c5056133
100 _a20081218d1916 |||y0rusy50 ca
101 0 _arus
102 _aRU
105 _aa z |||a|
200 1 _aКабирия
_eКино-поэма Габриэля д'Аннунцио
_e[Ист. греза о третьем веке до р. х.]
_e[Краткое либретто]
210 _aМосква
_cтип. акц. о-во "А. Ханжонков и К°"
_d[1916]
215 _a16 с.
_cил.
702 1 _aД'Аннунцио
_bГ.
_f1863-1938
_gГабриэле
_4570
801 0 _aRU
_bNLR
_gpsbo
801 1 _aRU
_bProSoft-M
_2rusmarc
852 _aNLR
_j34.106.7.56
942 _cBOOK
980 _aNB